000 00660nam a2200217 a 4500
001 000044828
003 DO-SdBNP
005 20250709103156.0
008 150113s1985 dr 000 0 spa d
040 _aDO-SdBNP
_bspa
_cBNPHU
082 _a320.97293
_bM296c
100 1 _aMañón, Melvin
_910427
245 1 0 _aCambio de mandos /
_cMelvin Mañon.
260 _aSanto Domingo :
_bTaller,
_c1985.
300 _a223 p. ;
_c21 cm.
590 _aInventariado, 2018/LP
610 2 4 _aPartido Revolucionario Dominicano
_95214
651 7 _aRepública Dominicana
_xPolítica y gobierno
_2LEMB
_945
910 _aValidado. Control de calidad MFF
942 _2ddc
_cLBS1
999 _c44317
_d44317